000 00552cam a22002053a 4500
001 40461
003 PGUSA
005 20140828083914.0
008 120809s2012||||xxu|||||s|||||000 | eng d
040 _aPGUSA
_beng
042 _adc
100 1 _aGandhi, M. K.
245 1 0 _aIndian Home Rule
_h[electronic resource] /
_cM. K. Gandhi
260 _bProject Gutenberg,
_c2012
506 _aPublic domain in the USA.
516 _aElectronic text
830 0 _aProject Gutenberg
_v40461
856 4 0 _uhttp://www.gutenberg.org/ebooks/40461
942 _cEB
999 _c269714
_d269714